| 000 | 00635nam a22001937a 4500 | ||
|---|---|---|---|
| 003 | koha_MIRAKIL | ||
| 005 | 20241010155141.0 | ||
| 008 | 231213b |||||||| |||| 00| 0 ||| d | ||
| 020 | _a9786052374450 | ||
| 040 |
_aTR-IsEVY _btur _cTR-IsEVY |
||
| 082 | _a910 LOK/D | ||
| 100 | _aLokmanhekim, Özge Altınok | ||
| 245 | 0 |
_aDünyanın en güzel ülkesi/ _cÖzge Altınok Lokmanhekim ; resimleyen Rukiye Ulusan. |
|
| 250 | _a4. bs. | ||
| 260 |
_bAbm Yayınevi, _c2020. _aİstanbul : |
||
| 300 |
_a71 s. : _brenkli resimli ; _c28 cm. |
||
| 650 |
_aCoğrafya. _vÜlkeler. _vFarklı Kültürler. _vYaşadığımız Yer. |
||
| 942 |
_2ddc _cBK |
||
| 999 |
_c20687 _d20687 |
||